| 000 | 00459 a2200133 4500 | ||
|---|---|---|---|
| 020 | _a0721648665 | ||
| 050 |
_aRT41 _b.T46 1995 |
||
| 100 |
_aThomas, Debera Jane, _eAuthor. _qMargaret O'Brien King. _93194 |
||
| 245 |
_aMedical surgical nursing, A nursing process approach. _bTest manual to accompany ignatavicius,workman, and mishler. |
||
| 250 | _a2nd ed. | ||
| 260 |
_aLondon: _bW.B Saunders, _cc1995. |
||
| 300 |
_axi, 401 p. : _c28 cm. |
||
| 942 |
_2lcc _cBK _n0 _06 |
||
| 999 |
_c1651 _d1651 |
||